MONOGRAPH ON TROPICAL FEVER (Record no. 216906)

MARC details
000 -LEADER
fixed length control field 00451nam a22001697a 4500
008 - FIXED-LENGTH DATA ELEMENTS--GENERAL INFORMATION
fixed length control field 260331b |||||||| |||| 00| 0 eng d
020 ## - INTERNATIONAL STANDARD BOOK NUMBER
International Standard Book Number 978-93-5465-506-7
050 ## - LIBRARY OF CONGRESS CALL NUMBER
Classification number RC 963.M66 2023
100 ## - MAIN ENTRY--PERSONAL NAME
Personal name JYOTIRMOY PAL
245 ## - TITLE STATEMENT
Title MONOGRAPH ON TROPICAL FEVER
260 ## - PUBLICATION, DISTRIBUTION, ETC.
Place of publication, distribution, etc. NEW DELHI
Name of publisher, distributor, etc. JAYBEE BROTHERS
Date of publication, distribution, etc. 2023
300 ## - PHYSICAL DESCRIPTION
Extent X,264
500 ## - GENERAL NOTE
General note INCLUDES AN INDEX
650 ## - SUBJECT ADDED ENTRY
Topical term or geographic name entry element Tropical medicine diseases
942 ## - ADDED ENTRY ELEMENTS (KOHA)
Source of classification or shelving scheme Library of Congress Classification
Koha item type Long Loan Book
Holdings
Withdrawn status Lost status Source of classification or shelving scheme Damaged status Not for loan Collection Home library Current library Shelving location Date acquired Inventory number Total checkouts Full call number Barcode Date last seen Copy number Price effective from Koha item type
    Library of Congress Classification     Medicine Kisii University Library Kisii University Library On Display 03/31/2026 112885   RC 963.M66 2023 A000067 03/31/2026 C.1 03/31/2026 Long Loan Book
    Library of Congress Classification     Medicine Kisii University Library Kisii University Library On Display 03/31/2026 112886   RC 963.M66 2023 A000069 03/31/2026 C.2 03/31/2026 Long Loan Book
    Library of Congress Classification     Medicine Kisii University Library Kisii University Library On Display 03/31/2026 112887   RC 963.M66 2023 A000070 03/31/2026 C.3 03/31/2026 Long Loan Book
    Library of Congress Classification     Medicine Kisii University Library Kisii University Library On Display 03/31/2026 112888   RC 963.M66 2023 A000071 03/31/2026 C.4 03/31/2026 Long Loan Book